Superhero Teams Quiz Stats

 Plays Quiz Updated Oct 30, 2018

Score 0/30 Timer 07:00
5 Plays Today
Prominent Member Team % Correct
Cyclops, Beast, IcemanX-Men/X-Factor
90.7%
Thing, Human Torch, Invisible GirlFantastic Four
85.5%
Leonardo, Michelangelo, DonatelloTeenage Mutant Ninja Turtles
73.8%
Batman, Superman and Wonder WomanJustice League of America
72.4%
Iron Man, Thor, HulkAvengers
67.5%
Optimus Prime, Bumblebee, MirageAutobots
62.1%
Green Ranger, White Ranger, Red RangerMighty Morphin Power Rangers
62%
Blossom, Bubbles, ButtercupThe Powerpuff Girls
56.9%
Megatron, Starscream, FrenzyDecepticons
56.1%
Elastigirl, Dash, VioletThe Incredibles
51%
Doctor Manhattan, The Comedian, Nite Owl IICrimebusters
50.4%
Robin, Kid Flash, AqualadTeen Titans
44.4%
Lion-O, Panthro, JagaThunderCats
43.2%
Allan Quatermain, Captain Nemo, Dr. Henry JekyllThe League of Extraordinary Gentlemen
41%
Nick Fury, Maria Hill, Timothy 'Dum Dum' Dugan SHIELD
39.4%
Prominent Member Team % Correct
Hawk, Stalker, Snake-EyesG.I. Joe
35.8%
Master Shake, Frylock, MeatwadAquaTeen Hunger Force
31.7%
Magneto, Quicksilver, Scarlet WitchBrotherhood Of Evil Mutants
31.6%
Destro, Serpentor, Dr. MindbenderCOBRA
25.3%
Lex Luthor, Gorilla Grodd, Solomon GrundyLegion of Doom
22.4%
Mr. Furious, The Shoveler, the Blue RajaMystery Men
20.8%
Sebastian Shaw, Emma Frost, Madelyne PryorHellfire Club
17.1%
Hawkman, Atom, Doctor FateJustice Society of America
14.2%
Commander Kraken, Viper, Baron Wolfgang von StruckerHYDRA
13.2%
Centennial, Major Mapleleaf, SasquatchAlpha Flight
12.4%
Chameleon Boy, Brainiac 5, Dream GirlLegion Of Super-Heroes
10.2%
Geo-Force, Metamorpho, HaloOutsiders
7.6%
Hellboy, Abe Sapien, Dr. Tom ManningBureau for Paranormal Research and Defense
6.2%
Spartan, Grifter, WarbladeWildC.A.T.s
6.1%
Fairchild, Grunge, RainmakerGen 13
5.1%

You're not logged in!

Compare scores with friends on all Sporcle quizzes.
OR
Log In

Sporcle TV

Today on Sporcle TV


Watch our educational content, quiz creation guides, and fun videos on Sporcle TV.

Show Comments

Extras

Top Quizzes Today


Score Distribution

Your Account Isn't Verified!

In order to create a playlist on Sporcle, you need to verify the email address you used during registration. Go to your Sporcle Settings to finish the process.

Report this User

Report this user for behavior that violates our Community Guidelines.

Details: